000 00537nam a2200217Ia 4500
003 OSt
005 20220918192959.0
006 a|||||r|||| 00| 0
007 ta
008 220917b |||||||| |||| 00| 0 eng d
024 _a71,377
037 _cTextual
040 _aARTS
_cARTS
_beng
041 _2eng
_aeng
082 _aR3xM88:28, J5
100 _aRadhakrishnan
245 0 _aEast and west
_b some reflections
260 _c1955
942 _hR3xM88:28, J5
_cTEXL
_2CC
999 _c197450
_d197450